Połączone odpowiedzi - państwa #2 - Statystyki

Ogólne statystyki
  • Ten quiz został rozwiązany 27 razy
  • Średni wynik to 6 z 15
Statystyki odpowiedzi
Połączenie Państwo % Poprawnych
Stambuł to największe miasto w... Turcja
100%
Należy do NATO tak jak jego zachodni sąsiad... Grecja
71%
W 1938 roku dokonało tzw. "Anschluss"... Austria
65%
W 2025 roku wygrało Eurowizję. Na drugim miejscu znalazł się... Izrael
53%
Podpisało pakt stalowy z... Niemcy
53%
Zostało zaatakowane w 1940 roku przez... Włochy
53%
Które graniczy z prawie wszystkimi państwami Ameryki Południowej wykluczając dwa państwa. Są to Chile i... Ekwador
35%
W 2006 roku zakończyło swój 33-dniowy konflikt z... Liban
35%
Graniczy od Południa z... Brazylia
29%
Na jego fladze znajduje się drzewo cedrowe. Jedno z rodzajów tego drzewa występuje w górach Troodos na... Cypr
29%
Miało kolonię m.in w Ameryce Południowej, gdzie kolonią był współczesny... Surinam
29%
Dzięki dostaniu się na mistrzostwa świata w 2006 roku powstrzymało trwającą od 2002 roku wojnę domową. W mundialu odpadło przegrywając 1:2 z... Holandia
24%
Jego jedynym kontynentalnym sąsiadem jest... Irlandia
18%
Na jego terenie leżą dwa terytoria, Akrotiti i Dhekelia, które należą do... Wielka Brytania
18%
Ma flagę podobną do... Wybrzeże Kości Słoniowej
12%
Nie znaleziono quizów pasujących do podanych kryteriów
Rozkład punktacji
Procent ludzi z każdym wynikiem
Percentyl według liczby udzielonych odpowiedzi
Twoja historia wyników
Nie rozwiązałeś tego quizu